Farm co-operatives (Record no. 7219)

MARC details
000 -LEADER
fixed length control field 00897cab a2200205 4500
001 - CONTROL NUMBER
control field WB3116-126
008 - FIXED-LENGTH DATA ELEMENTS--GENERAL INFORMATION
fixed length control field 090401t1995 xxu||||| |||| 00| 0 eng d
035 ## - SYSTEM CONTROL NUMBER
System control number (Sirsi) u11341
041 ## - LANGUAGE CODE
Language code of text/sound track or separate title eng
245 ## - TITLE STATEMENT
Title Farm co-operatives
260 ## - PUBLICATION, DISTRIBUTION, ETC.
Date of publication, distribution, etc. 1995
350 ## - PRICE (NR) (BK AM CF MU VM SE) [OBSOLETE]
Price 0
490 ## - SERIES STATEMENT
Series statement Yorkshire Post
Volume/sequential designation 14 April 1995, II(1)
520 ## - SUMMARY, ETC.
Summary, etc. Farming co-operatives control a large segment of agricultural activity and they could have a vital role in the fast changing scene of UK farming and marketing according to two publications by the Plunkett Foundation (23 Hanborough Business Park, Long Hanborough, Oxford OX8 8LH) "The 1994 directory of agricultural co-operatives in the UK" (£27.50) and "Facts and figures about farmer controlled business in the UK" (£9.95).
650 ## - SUBJECT ADDED ENTRY--TOPICAL TERM
Topical term or geographic name entry element FARM CO-OPERATIVES
650 ## - SUBJECT ADDED ENTRY--TOPICAL TERM
Topical term or geographic name entry element PLUNKETT FOUNDATION
690 ## - LOCAL SUBJECT ADDED ENTRY--TOPICAL TERM (OCLC, RLIN)
Topical term or geographic name as entry element RURAL PRACTICE
942 ## - ADDED ENTRY ELEMENTS (KOHA)
Suppress in OPAC 0
948 ## - LOCAL PROCESSING INFORMATION (OCLC); SERIES PART DESIGNATOR (RLIN)
c (OCLC) 04/03/1997
Holdings
Withdrawn status Lost status Source of classification or shelving scheme Damaged status Not for loan Home library Current library Shelving location Date acquired Total Checkouts Full call number Barcode Date last seen Copy number Price effective from Koha item type
    Dewey Decimal Classification     London London News article 14/09/1999   WB3116-126 11341-1001 06/08/2019 1 06/08/2019 News article